| 000 | 01522nam a2200301Ia 4500 | ||
|---|---|---|---|
| 999 |
_c54456 _d54456 |
||
| 001 | 21518 | ||
| 003 | GE_BSU | ||
| 005 | 20250924161149.0 | ||
| 008 | 181216s2017||||ge |||||||||||||| ||geo|| | ||
| 040 | _cGE_BSU | ||
| 041 | _ageo | ||
| 080 | _a331.104 თ-35 | ||
| 245 |
_aთარგმანების კრებული / _cა. იანგი, ლ. აბუ-ლუღოდი, ფედერიჩი, და სხვ. ; კრებ. შემდგ. მაია ბარქაია. |
||
| 260 | _aთბილისი | ||
| 260 | _c2017 | ||
| 300 | _a149 გვ. 20სმ. | ||
| 541 | _h7 ლ. | ||
| 653 | _aთარგმანების კრებული | ||
| 653 | _aშრომა | ||
| 653 | _aდასაქმება | ||
| 653 | _aსამუშაო | ||
| 700 |
_aიანგი, ა. _eავტორი _913063 |
||
| 700 |
_aაბუ-ლუღოდი, ლ. _eავტორი _913064 |
||
| 700 |
_a ბარქაია, მაია _eშემდგენელი _913065 |
||
| 710 |
_aადამიანის უფლებების სწავლებისა და მონიტორინგის ცენტრი _913055 |
||
| 856 |
_uhttps://socialjustice.org.ge/uploads/products/pdf/%E1%83%97%E1%83%90%E1%83%A0%E1%83%92%E1%83%9B%E1%83%90%E1%83%9C%E1%83%94%E1%83%91%E1%83%98%E1%83%A1-%E1%83%99%E1%83%A0%E1%83%94%E1%83%91%E1%83%A3%E1%83%9A%E1%83%98.pdf _yელექტრონული ვერსია |
||
| 942 |
_cBK _2udc |
||